00270nam a2200109Ia 4500008004100000041000800041082001200049100001500061245002800076260003200104300002400136240624s9999 xx 000 0 und d aeng a954 HAK aHAKSAR P N aBASKET OF FALLEN LEAVES aNew DelhibD. L. Shah Trust a146 : p. : cm. ; 22